000 00505nam a22001933a 4500
001 19041
003 BD-RJUL
005 20211209000357.0
008 140223m19399999xx 000 0 eng d
035 _a(BD-RJUL)19099
040 _aEQO
_cEQO
_beng
041 _aeng
082 _a822
_bCAM 1939
245 0 0 _aCameo plays /
_ced. by G. H. Holroyd
260 _aLeeds e. j. arnold & son ltd.
_c[1939- ]
_bLondon :
300 _a80 p. ;
_c14 cm.
700 1 _aHolroyd, George Henry
_958684
942 _2ddc
_cBK
999 _c19041
_d19041